• 首页
  • 本馆介绍
  • 公告通知
  • 最新文献
  • 馆藏检索
  • 电子资源
  • 读者导购
  • 参考咨询
  • 我的图书馆
  • 登录
  • 详细信息显示
  • 放入我的书架
  • 预约/预借图书
  • 作者相关作品
  • 分类相关作品
  • 丛书相关作品
  • 出版社相关作品

书目信息

  • 表格格式
  • 工作单格式
  • 卡片格式
题名:
关于青少年犯罪的几个问题
    
 
作者: 程荣斌 , 阴家宝 , 力康泰 编著
分册:  
出版信息: 北京   中国人民大学出版社  1982
页数: 132页
开本: 19cm
丛书名: 法学丛书
单 册:
中图分类: C913.5
科图分类:
主题词: 青少年--社会问题
电子资源:
ISBN:
000 00813nam2 2200277 45
001 0182008689
005 20060925172458.14
010    @dCNY0.41
091    @a6011.126
100    @a19950703d1982 em y0chiy0121 ea
101 0  @achi
102    @aCN@b110000
105    @ay z 000yy
200 10 @a关于青少年犯罪的几个问题@Aguan yu qing shao nian fan zui de ji ge wen ti@f程荣斌,力康泰,阴家宝编著@FCheng Rong Bin,Li Kang Tai,Yin Jia Bao BianZhu
210    @a北京@c中国人民大学出版社@d1982
215    @a132页@d19cm
225 2  @a法学丛书
410  0 @120010@a法学丛书
606 0  @a青少年@x社会问题
690    @aC913.5@v3
701  0 @a程荣斌@4编著
701  0 @a阴家宝@4编著
701  0 @a力康泰@4编著
801  2 @aCN@bNLC@c20060925
801  0 @aCN@b上海图书馆@c20060731
905    @dC913.5@e148@f1@b250311
    
    关于青少年犯罪的几个问题/程荣斌,力康泰,阴家宝编著.-北京:中国人民大学出版社,1982
    132页;19cm.-(法学丛书)
    
    
    ISBN :CNY0.41
    
●
相关链接 在E读中查询图书 在五车中查询图书 在当当中查询图书 在豆瓣中查询图书


正题名:关于青少年犯罪的几个问题     索取号:C913.5/148         预约/预借

序号 登录号 条形码 馆藏地/架位号 状态 备注
1 0250307   000366776   第一借阅区/ [索取号:C913.5/148] 在馆    
2 0250308   000366758   第一借阅区/ [索取号:C913.5/148] 在馆    
3 0250309   000366767   第一借阅区/ [索取号:C913.5/148] 在馆    
4 0250310   000369336   密集书库/ [索取号:C913.5/148] 在馆    
5 0250311   000370351   第一样本阅览室/ [索取号:C913.5/148] 在馆    
6 0422936   204229361   密集书库/ [索取号:C913.5/148] 在馆    
7 0440621   204406213   密集书库/ [索取号:C913.5/148] 在馆    
8 0441041   204410413   密集书库/ [索取号:C913.5/148] 在馆    
唐山师范学院图书馆 欢迎您!
大连网信软件有限公司© 版权所有